重症醫學實證精要 / (Record no. 7651)

MARC details
000 -記錄標示
fixed length control field 00538cam a22002172i 4500
001 - 控制號(記錄識別欄)
control field CIP113014948
003 - 控制號標識
控制識別號 yeezen
005 - 最後更新時間
control field 20250717092655.0
008 - 定長欄資料代碼
fixed length control field 240924s2024 ch e 000 0 chi d
020 ## - 國際標準書號
國際標準書號 9789863685593
限定資訊 (平裝)
040 ## - 編目來源
原編目機構 CIP
編目語言 chi
042 ## - 編目審定機構代碼
編定審定機構代碼 nbic
084 ## - 其它分類號
分類號 415
號碼來源 ncsclt
090 ## - 館藏紀錄
Classification number (OCLC) (R) ; Classification number, CALL (RLIN) (NR) 415
245 10 - 題名及著者敘述項
正題名 重症醫學實證精要 /
著者敍述 尹彙文主編
250 ## - 版本項
版本敍述 二版
260 ## - 出版項
出版地 新北市 :
出版者 合記,
出版年 2024.10.
300 ## - 稽核項
數量(面數, 冊數或其他) 面 ;
高廣尺寸 公分
650 #7 - 標題附加款目--主題用語
標題系統出處 lcstt
主題用語 重症醫學
942 ## - 附加款目元素 (KOHA)
分類法來源 中文圖書分類法
Koha 館藏類型 長期借閱書籍
Holdings
撤銷狀態 遺失狀態 分類號來源 損壞狀態 不外借 永久館藏地 現在館藏地 書架位置 採購日期 全部借出 全部續借 完整索書號 條碼號 還書日 最後一次日期記錄 Date last checked out 一般價格有效日期 Koha館藏類型
未註銷館藏 未遺失 中文圖書分類法 未損毀 可外借 怡仁綜合醫院圖書館 怡仁綜合醫院圖書館 加護病房 2025-07-03 3 1 415 C03238 2026-06-30 2026-01-02 2026-01-02 2025-07-03 長期借閱書籍
未註銷館藏 未遺失 中文圖書分類法 未損毀 可外借 怡仁綜合醫院圖書館 怡仁綜合醫院圖書館 專科護理師 2025-07-03 3 1 415 C03239 2026-06-30 2026-01-02 2026-01-02 2025-07-03 長期借閱書籍

怡仁綜合醫院 | 圖書室

📍 32643 桃園市楊梅區楊新北路321巷30號 B1F

院內分機 8232 (圖書室) ‧ 6155 (教學研究部)

聯絡信箱 a9672@yeezen.com.tw